00750nam a2200241 a 45000010005000000030009000050080041000140200015000550400028000700820017000981000028001152450088001432500007002312600034002383000010002726500014002826500053002966500013003496500030003626500038003926500035004306500043004656942CO-ViMGA141112s2004 ck r 000 u spa d a958927630X aCO-ViMGAbspacCO-ViMGA04a346.022 M1771 aMartinez Rave, Gilberto10aLa responsabilidad civil : bextracontractual en Colombia : baspectos sustanciales a9a aMedellin : bJuridica, c1996 a757 p14aEL DAÑO14aEL EMBARGO Y SECUESTRO PREVENTIVO DE AUTOMOTORES14aLA CULPA14aLA INDEXACION EN COLOMBIA14aLA RESPONSABILIDAD JURIDICA PENAL14aRESPONSABILIDAD JURIDICA CIVIL14aSEGURO OBLIGATORIO DE AUTOMOTORES SOAT